000 00284nam a22001337a 4500
020 _a81-87057-12-2
082 _a920
_bBHO/M
100 _aBHOLA,P.L
245 _aMIRZA GHALIB
260 _aGURGAON
_bPRASHANT PUBLICATION
300 _a16
650 _aBIOGRAPHY
_zGURGAON
942 _cBK
999 _c6155
_d6155